Fruits Quiz - Statistics

General Stats
  • This quiz has been taken 48 times
  • The average score is 31 of 144
Answer Stats
Answer % Correct
Apple
92%
Banana
82%
Grape
74%
Orange
74%
Lemon
71%
Strawberry
68%
Lime
66%
Tomato
66%
Pea
63%
Pineapple
63%
Avocado
61%
Blueberry
61%
Kiwi
61%
Watermelon
61%
Mango
58%
Pear
58%
Raspberry
58%
Dragonfruit
55%
Plum
55%
Blackberry
53%
Peach
53%
Star Fruit
53%
Apricot
50%
Cherry
50%
Grapefruit
50%
Melon
50%
Cantaloupe
47%
Passionfruit
45%
Pomegranate
45%
Coconut
42%
Papaya
42%
Lychee
39%
Fig
37%
Guava
37%
Cranberry
34%
Cucumber
34%
Honeydew
34%
Nectarine
34%
Tangerine
34%
Jackfruit
32%
Redcurrant
32%
Clementine
29%
Date
29%
Durian
29%
Pumpkin
29%
Quince
29%
Blood Orange
26%
Eggplant
26%
Olive
26%
Persimmon
26%
Gooseberry
24%
Kumquat
24%
Mandarine
24%
Rambutan
21%
Boysenberry
18%
Currant
18%
Elderberry
18%
Huckleberry
18%
Mangosteen
18%
Plantain
18%
Pomelo
18%
Zucchini
18%
Blackcurrant
16%
Loquat
16%
Mulberry
16%
Açaí
13%
Jujube
13%
Loganberry
13%
Musk Melon
13%
Pawpaw
13%
Satsuma
13%
Tamarind
13%
Bell Pepper
11%
Bilberry
11%
Cherimoya
11%
Damson
11%
Goji Berry
11%
Longan
11%
Soursop
11%
Squash
11%
Ugli Fruit
11%
Breadfruit
8%
Cloudberry
8%
Crab Apple
8%
Finger Lime
8%
Jambul
8%
Kiwano
8%
Rose Apple
8%
Salak
8%
Sapodilla
8%
Tangelo
8%
Yuzu
8%
Ackee
5%
Black Sapote
5%
Buddha’s Hand
5%
Canistel
5%
Feijoa
5%
Honeyberry
5%
Jalapeño
5%
Juniper Berry
5%
Nance
5%
Pineberry
5%
Sloe
5%
Star Apple
5%
Tamarillo
5%
Ximenia
5%
Abiu
3%
Acerola
3%
Akebi
3%
Araza
3%
Cempedak
3%
Jabuticaba
3%
Marionberry
3%
Mouse Melon
3%
Purple Mangosteen
3%
Salal Berry
3%
Salmonberry
3%
Sapote
3%
Tayberry
3%
African Cherry Orange
0%
American Mayapple
0%
Cactus Pear
0%
Chico fruit
0%
Chile Pepper
0%
Coco De Mer
0%
Corn Kernel
0%
Galia Melon
0%
Grewia Asiatica
0%
Hala Fruit
0%
Japanese Plum
0%
Jostaberry
0%
Kaffir Lime
0%
Lulo
0%
Magellan Barberry
0%
Mamey Apple
0%
Mamey Sapote
0%
Miracle Berry
0%
Momordica Fruit
0%
Monstera Deliciosa
0%
Plumcot
0%
Shine Muscat
0%
Surinam Cherry
0%
White Currant
0%
White Sapote
0%
No matching quizzes found
Score Distribution
Percent of People with Each Score
Percentile by Number Answered
Your Score History
You have not taken this quiz